000 00449ntaaa2200181 4500
003 01
005 20251027201622.0
008 0714s1973 ag 01
020 _a031110018X
040 _aAR-BaBN
_bspa
_cAR-BaBN
_eaacr
_dRIC
082 _a248.4000 D54d
245 _aDialogo teologico No. 18
250 _a1 ed.
260 _aEl Paso :
_bCasa Bautista de Publicaciones,
_c1981
300 _a96 p ;
_c21 cm
650 _avida cristiana
942 _cBK
999 _c10849
_d10849